| 000 | nam a22 7a 4500 | ||
|---|---|---|---|
| 999 |
_c4706 _d235210 |
||
| 020 | _a9788416613267 | ||
| 080 | _a340 B 644 | ||
| 100 | _aBonorino, Pablo (coordinador) | ||
| 245 |
_aArgumentacion, Derecho y Justicia _bestudios en homenaje al profesor Mario Alberto Portela |
||
| 260 |
_aEspaƱa _bEolas _c2016 |
||
| 300 | _a656 p. | ||
| 650 |
_xargumentacion _xteoria general del derecho _xracionalidad de la prueba _xderechos humanos _xteoria finalista de la accion _xestado social de derecho |
||
| 942 | _6_ | ||
| 945 |
_asa _d2018-05-30 |
||